Possibilitiesof additive technologies for manufacturing of gradient materials with record high mechanical characteristics; Междисциплинарные проблемы аддитивных технологий

Detaylı Bibliyografya
Parent link:Междисциплинарные проблемы аддитивных технологий.— 2017.— [С. 61-62]
Diğer Yazarlar: Shil'ko S., Ryabchenko T., Panin S., Choe H.
Özet:Заглавие с титульного экрана
Dil:İngilizce
Baskı/Yayın Bilgisi: 2017
Konular:
Online Erişim:http://earchive.tpu.ru/handle/11683/45850
Materyal Türü: MixedMaterials Elektronik Kitap Bölümü
KOHA link:https://koha.lib.tpu.ru/cgi-bin/koha/opac-detail.pl?biblionumber=625963

MARC

LEADER 00000naa2a2200000 4500
001 625963
005 20231101133404.0
035 |a (RuTPU)RU\TPU\conf\25240 
035 |a RU\TPU\conf\25236 
090 |a 625963 
100 |a 20180112d2017 k y0rusy50 ba 
101 0 |a eng 
102 |a RU 
105 |a y z 101zy 
135 |a drgn ---uucaa 
181 0 |a i  
182 0 |a b 
200 1 |a Possibilitiesof additive technologies for manufacturing of gradient materials with record high mechanical characteristics  |f S. Shil'ko [и др.] 
203 |a Текст  |c электронный 
230 |a 1 компьютерный файл (pdf; 185 Kb) 
300 |a Заглавие с титульного экрана 
320 |a [Библиогр.: с. 62 (3 назв.)] 
463 1 |0 (RuTPU)RU\TPU\conf\25207  |t Междисциплинарные проблемы аддитивных технологий  |o сборник тезисов III Всероссийского научного семинара с международным участием, 4-6 декабря 2017, Томск  |f Национальный исследовательский Томский политехнический университет (ТПУ) ; под ред. А. Г. Князевой  |v [С. 61-62]  |d 2017 
610 1 |a электронные ресурсы 
610 1 |a аддитивные технологии 
610 1 |a градиентные материалы 
610 1 |a механические характеристики 
610 1 |a аэрокосмическая промышленность 
610 1 |a прочность 
701 1 |a Shil'ko  |b S. 
701 1 |a Ryabchenko  |b T. 
701 1 |a Panin  |b S. 
701 1 |a Choe  |b H. 
801 2 |a RU  |b 63413507  |c 20180115  |g RCR 
856 4 |u http://earchive.tpu.ru/handle/11683/45850 
942 |c BK